00954nam a2200205 a 450000100100000000500170001000800410002704000250006808200150009324500750010826001000018330000200028349000690030349000230037250000560039583000770045183000310052895201720055999900170073100004585520201002052502.0150522s1977 dr 000 0 spa d aDO-SdBNPbspacBNPHU axxxxbxxxx00aFundamentación para un nuevo enfoque de la medicina en la comunidad. aSanto Domingo :bDepartamento de Publicaciones, Universidad Autónoma de Santo Domingo,c1977. a43 p. ;c21 cm.1 aPublicaciones de la Universidad Autónoma de Santo Domingov2271 aUASD críticav11 aRepública de Cuba, Ministerio de Salud Pública. 0aPublicaciones de la Universidad Autónoma de Santo Domingo.n227973925 0aUASD crítica.n11973926 0010718PDaPDbPDcCTd2015-05-22iLF1l0oxxxx xxxxp45855-10r2020-06-25w2020-06-25yLFPDzPerteneció a la biblioteca personal de Erick Landestoy.ZNo se presta c45344d45344